000 00543nam a22001697a 4500
003 UA-OsUOA
001 9963
007 ta
008 20041214b un ||||| |||| 00| 0 ukr d
942 _cSA
040 _aUA-OsUOA
_cUA-OsUOA
_dUA-OsUOA
245 _aПро внесення змін до Земельного кодексу України : Закон України , 6 жовт. 2004 року N 2059-IV
300 _aС.10
955 _a0
773 0 _w0
_tУрядовий кур'єр
_dКиїв
_d2004
_gN234/ 8 груд./
650 7 _2UDC
999 _c296124
_d296124